Hướng dẫn sử dụng Windows Server 2008 Toàn tập

Zapisane w:
Opis bibliograficzny
1. autor: Trịnh Quốc Tiến (Tác giả)
Format: Książka
Język:Vietnamese
Wydane: Tp. Hồ Chí Minh Nxb. Hồng Đức 2008
Hasła przedmiotowe:
Etykiety: Dodaj etykietę
Nie ma etykietki, Dołącz pierwszą etykiete!
Thư viện lưu trữ: Mạng thư viện Đại học Đà Nẵng
LEADER 01159nam a2200349 4500
001 000009567
003 5764
005 20120302070357.0
008 111028s2008 viesd
020 |c 71000đ 
041 0 |a vie 
082 |a 005.4476  |b TR-T 
100 0 |a Trịnh Quốc Tiến  |e Tác giả 
245 0 |a Hướng dẫn sử dụng Windows Server 2008  |b Toàn tập  |c Trịnh Quốc Tiến ; Nhóm tin học thực dụng 
260 |a Tp. Hồ Chí Minh  |b Nxb. Hồng Đức  |c 2008 
300 |a 416 tr  |c 24 cm 
653 |a Hướng dẫn 
653 |a Sử dụng 
653 |a Windows 
653 |a Server 
653 |a 2008 
910 |a Nguyễn Thị Kim Oanh  |d 28/10/2011 
OWN |a LSP 
AVA |a UDN50  |b LSP  |d 005.4476 TR-T  |e available  |t Error 5001 Not defined in file expand_doc_bib_avail.  |f 10  |g 0  |h N  |i 0  |k 1 
999 |a From the UDN01 
AVA |a UDN50  |b LSP  |d 005.4476 TR-T  |e available  |t Error 5001 Not defined in file expand_doc_bib_avail.  |f 10  |g 0  |h N  |i 0  |k 1 
TYP |a Monograph 
TYP |a Printed language 
980 |a Mạng thư viện Đại học Đà Nẵng